000 00686nam a22002297a 4500
005 20251108172213.0
008 250721s2000 xx 000 0 ara d
020 _a9772322013
082 1 4 _a391.2095608/نصر
100 1 _aنصر، ثريا
_eمؤلف
245 1 0 _aأزياء النساء في العصر العثماني /
264 _bعالم الكتب،
_c2000.
300 _a374ص
650 1 7 _aالملابس
650 1 7 _aالأزياء الشعبية
650 1 7 _aالملابس المحبوكة
650 1 7 _aصناعة الملابس
650 1 7 _aتصميم الأزياء
650 1 7 _aالعصر العثماني
942 _2ddc
_cBK
999 _c73036
_d73036